Countries Beginning With C - Statistics

General Stats
  • This quiz has been taken 27 times
  • The average score is 11 of 15
Answer Stats
Hint Answer % Correct
South America Colombia
100%
North America Canada
87%
Africa Congo
87%
South America Chile
83%
Asia Cambodia
78%
Europe Croatia
78%
Africa Cameroon
74%
Africa Chad
74%
Asia China
74%
North America Costa Rica
70%
North America Cuba
61%
Europe/Asia Cyprus
61%
Europe Czechia
57%
Africa Central African Republic
52%
Africa Comoros
52%
No matching quizzes found
Score Distribution
Percent of People with Each Score
Percentile by Number Answered
Your Score History
You have not taken this quiz